[Event "Stay Safe Play From Home 298"]
[Site "Emanuel Lasker Arena"]
[Date "2020.07.13"]
[Round "4"]
[White "Sfantul321"]
[Black "Toosieslide"]
[Result "1/2-1/2"]
[WhiteElo "2041"]
[BlackElo "2223"]
[Annotator "NA RC"]
[PlyCount "90"]
[EventDate "2020.07.13"]
[EventType "swiss (blitz)"]

1. c4 {[%emt 0:00:01]} c6 {[%emt 0:00:01]} 2. Nc3 {[%emt 0:00:00]} d5 {[%emt 0:00:00]} 3. cxd5 {[%emt 0:00:01]} cxd5 {[%emt 0:00:01]} 4. d4 {[%emt 0:00:00]} Nf6 {[%emt 0:00:00]} 5. Nf3 {[%emt 0:00:00]} Nc6 {[%emt 0:00:00]} 6. Bg5 {[%emt 0:00:01]} Ne4 {[%emt 0:00:00]} 7. Bf4 {[%emt 0:00:01]} e6 {[%emt 0:00:02]} 8. e3 {[%emt 0:00:01]} Bb4 {[%emt 0:00:01]} 9. Rc1 {[%emt 0:00:02]} Qa5 {[%emt 0:00:01]} 10. Qc2 {[%emt 0:00:01]} Qxa2 {[%emt 0:00:01]} 11. Bd3 {[%emt 0:00:01]} Bxc3+ {[%emt 0:00:02]} 12. bxc3 {[%emt 0:00:01]} Qxc2 {[%emt 0:00:00]} 13. Bxc2 {[%emt 0:00:00]} O-O {[%emt 0:00:00]} 14. Bxe4 {[%emt 0:00:01]} dxe4 {[%emt 0:00:01]} 15. Nd2 {[%emt 0:00:00]} f5 {[%emt 0:00:01]} 16. O-O {[%emt 0:00:01]} Re8 {[%emt 0:00:00]} 17. c4 {[%emt 0:00:01]} e5 {[%emt 0:00:00]} 18. dxe5 {[%emt 0:00:02]} Nxe5 {[%emt 0:00:00]} 19. Bxe5 {[%emt 0:00:01]} Rxe5 {[%emt 0:00:01]} 20. Nb3 {[%emt 0:00:01]} Bd7 {[%emt 0:00:01]} 21. Rfd1 {[%emt 0:00:01]} Bc6 {[%emt 0:00:00]} 22. Nd4 {[%emt 0:00:01]} Rc8 {[%emt 0:00:01]} 23. Nxc6 {[%emt 0:00:01]} Rxc6 {[%emt 0:00:00]} 24. Rd7 {[%emt 0:00:01]} Ra5 {[%emt 0:00:06]} 25. Rxb7 {[%emt 0:00:02]} Rxc4 {[%emt 0:00:00]} 26. Rd1 {[%emt 0:00:01]} h6 {[%emt 0:00:05]} 27. g3 {[%emt 0:00:01]} Rc6 {[%emt 0:00:01]} 28. Rdd7 {[%emt 0:00:02]} Rg6 {[%emt 0:00:00]} 29. Rxa7 {[%emt 0:00:01]} Rxa7 {[%emt 0:00:00]} 30. Rxa7 {[%emt 0:00:01]} Rf6 {[%emt 0:00:00]} 31. h4 {[%emt 0:00:01]} Kh7 {[%emt 0:00:00]} 32. Kg2 {[%emt 0:00:01]} Kg6 {[%emt 0:00:00]} 33. Kh3 {[%emt 0:00:01]} Rf7 {[%emt 0:00:01]} 34. Rxf7 {[%emt 0:00:02]} Kxf7 {[%emt 0:00:00]} 35. g4 {[%emt 0:00:00]} Kf6 {[%emt 0:00:01]} 36. Kg3 {[%emt 0:00:01]} g5 {[%emt 0:00:02]} 37. hxg5+ {[%emt 0:00:01]} Kxg5 {[%emt 0:00:03]} 38. gxf5 {[%emt 0:00:01]} Kxf5 {[%emt 0:00:00]} 39. Kh4 {[%emt 0:00:01]} Ke5 {[%emt 0:00:04]} 40. Kg4 {[%emt 0:00:02]} Ke6 {[%emt 0:00:05]} 41. f4 {[%emt 0:00:03]} exf3 {[%emt 0:00:01]} 42. Kxf3 {[%emt 0:00:00]} Ke5 {[%emt 0:00:00]} 43. Kg4 {[%emt 0:00:01]} h5+ {[%emt 0:00:00]} 44. Kxh5 {[%emt 0:00:01]} Ke4 {[%emt 0:00:00]} 45. Kg4 {[%emt 0:00:00]} Kxe3 {[%emt 0:00:00] (Lag: Av=0.49s, max=0.9s)} 1/2-1/2

[Event "Stay Safe Play From Home 298"]
[Site "Emanuel Lasker Arena"]
[Date "2020.07.13"]
[Round "4"]
[White "Haxhi Baha"]
[Black "Broken sword"]
[Result "0-1"]
[WhiteElo "2021"]
[BlackElo "2391"]
[Annotator "TA"]
[PlyCount "96"]
[EventDate "2020.07.13"]
[EventType "swiss (blitz)"]

{[%evp 10,95,69,62,75,64,80,68,67,37,79,68,79,72,87,65,74,56,39,41,96,100,96,72,69,69,76,65,66,60,61,46,52,45,54,39,37,-101,60,52,64,52,99,0,0,0,0,-11,0,-39,-35,-31,-4,-69,-11,-29,-29,-36,-35,-29999,-181,-1068,-1052,-2227,-2202,-29969,-29954,-6337,-5806,-29985,-29986,-29984,-29985,-29989,-29990,-29990,-29991,-29991,-29992,-29994,-29995,-29995,-29994,-29995,-29996,-29998,-29999,-29999]} 1. e4 e6 2. d4 c5 3. d5 exd5 4. exd5 d6 5. Nf3 Nf6 6. c4 Be7 {A43: Schmid Benoni.} 7. Nc3 Bg4 8. Be2 O-O {White is slightly better.} 9. h3 Bh5 10. O-O Nbd7 11. Bf4 Re8 {[#]} 12. Qc2 $146 ({Predecessor:} 12. Re1 Bf8 13. Qd2 a6 14. g4 Bg6 15. Bd3 Qc7 16. Bxg6 hxg6 17. Rxe8 Rxe8 18. Re1 Qb8 19. Rxe8 Qxe8 20. Qe3 Qd8 21. Ng5 Be7 22. Nce4 Ne8 23. Nf3 {½-½ (23) Revelj,O (2164)-Evertsson,L (2200) Stockholm 2013}) 12... a6 13. g4 Bg6 14. Bd3 Rb8 ({Black should play} 14... Bxd3 $14 15. Qxd3 b5) 15. Bxg6 $16 hxg6 16. Rae1 b5 17. b3 b4 18. Ne4 (18. Nb1 {looks sharper.} Qb6 19. Nbd2 a5 20. Ng5 Ra8 21. Ndf3) 18... Nxe4 19. Rxe4 Nf6 20. Re2 Bf8 21. Rfe1 Qd7 22. Ng5 Rxe2 23. Rxe2 (23. Qxe2 $14 {is the one way to stay ahead.} Re8 24. Be3) 23... Re8 $2 {[#]} (23... Nxg4 $1 $17 24. Ne4 Nf6) 24. f3 a5 25. Kg2 a4 26. bxa4 (26. Rxe8 $16 Qxe8 27. bxa4) 26... Ra8 $11 27. h4 Qxa4 28. Ne4 (28. Qd3 {with more complications.} Qa3 29. Qb3 Qa6 30. Qd3 Qa3) 28... Qxc2 29. Rxc2 (29. Nxf6+ {feels hotter.} gxf6 30. Rxc2 Kh7 31. Kg3 Ra6 32. Re2) 29... Nxe4 30. fxe4 {[%mdl 4096] Endgame KRB-KRB} f6 31. Kf3 ({Better is} 31. Bc1 $1 $11) 31... Kf7 (31... Ra3+ $15 32. Kf2 Be7) 32. g5 Ra3+ 33. Kg4 Be7 34. e5 $2 {[%mdl 8192] [#] This move loses the game for White.} (34. Bc1 $15 Rd3 35. Bf4) 34... fxe5 $2 (34... f5# {mates}) 35. Be3 $2 (35. Bg3) 35... Rxe3 $19 {KRB-KR} 36. h5 Re4+ 37. Kg3 gxh5 38. g6+ Kxg6 39. a4 bxa3 {Black mates.} 40. Ra2 Re3+ 41. Kg2 Rb3 42. Ra1 Rb2+ 43. Kh3 a2 44. Rg1+ Bg5 45. Rf1 Rb1 46. Rf2 a1=Q 47. Rf3 Rh1+ 48. Kg3 Qg1# {Accuracy: White = 66%, Black = 62%.} 0-1

[Event "Stay Safe Play From Home 298"]
[Site "Emanuel Lasker Arena"]
[Date "2020.07.13"]
[Round "4"]
[White "Souchov"]
[Black "Lazieri3"]
[Result "1-0"]
[WhiteElo "2014"]
[BlackElo "2035"]
[Annotator "TA"]
[PlyCount "113"]
[EventDate "2020.07.13"]
[EventType "swiss (blitz)"]

{[%evp 12,113,41,42,43,17,15,22,16,14,57,15,17,13,8,9,7,0,0,0,0,-11,-12,-13,7,7,0,0,11,0,7,0,26,32,47,45,112,100,107,97,108,72,71,71,71,71,56,55,144,68,5393,5285,2049,1975,29993,29994,29994,653,653,618,1016,947,5481,5481,29976,29977,29977,29977,29976,29976,29982,29983,29983,29984,29984,29984,29984,29985,29990,29990,29993,29991,29994,29995,29995,2117,1963,1647,1675,1184,29963,12841,12846,0,12847,6070,5089,0,29991,29992,29992,29992,29992,29993]} 1. e4 c6 2. d4 d5 3. Nd2 dxe4 4. Nxe4 Nd7 5. Nf3 Ndf6 6. Nxf6+ Nxf6 7. c3 Bf5 {B17: Caro-Kann: Modern Line (4...Nd7).} 8. Bd3 (8. Ne5 {is more complex.} Nd5 9. Qf3 g6 10. Bd3 Qc8 11. O-O) 8... Bxd3 9. Qxd3 e6 {The position is equal.} 10. O-O {[#]} h6 $146 ({Predecessor:} 10... Be7 11. Bg5 {½-½ (11) Hasangatin,R (2515)-Tazbir,M (2520) Bad Homburg 2011}) 11. Bf4 Bd6 12. Bxd6 Qxd6 13. Rad1 O-O 14. Rfe1 Rfd8 15. a3 Rac8 16. b4 a5 17. Nd2 a4 18. Nc4 Qc7 19. Ne5 b5 20. f4 Rd6 21. Re2 Rcd8 22. Qf3 Nd7 23. h4 Nxe5 (23... Nb6 $14) 24. fxe5 $16 R6d7 25. Rf1 Rf8 26. Ref2 f5 27. exf6 $1 Rxf6 28. Qg4 $1 Rxf2 29. Rxf2 {[%mdl 4096] Endgame KQR-KQR} Qd6 {[#] White now steadily converts the win.} (29... Re7 $14) 30. Qg6 ({White should play} 30. Rf6 $1 $16) 30... e5 $2 {[%mdl 8192] [#]} (30... Qe7 $14) 31. Qe8+ $1 $18 Kh7 32. Rf8 {[%csl Ge8][%cal Rf8h8]} g6 33. Rh8+ Kg7 34. Qg8+ (34. dxe5 $142 Qd1+ 35. Kh2 Qg1+ {[%mdl 64] Decoy} 36. Kxg1 Rd1+ 37. Kh2 Rh1+ 38. Kxh1 h5 39. Qg8#) 34... Kf6 35. Rxh6 Kf5 36. h5 exd4 37. Rxg6 dxc3 38. Rxd6 Rxd6 {KQ-KR} 39. Qf7+ Ke5 40. Qf2 Rd3 41. Qe2+ Kd4 42. h6 Rd2 43. Qg4+ Kd3 44. Qg6+ Ke2 45. h7 Rd1+ 46. Kh2 c2 47. Qxc2+ Rd2 48. h8=Q (48. Qe4+ $142 Kd1 49. h8=Q Rd4 50. Qexd4+ Ke1 51. Qhe5+ Kf1 52. Qg1#) 48... Rxc2 49. Qe5+ Kd1 50. Qf4 Rd2 51. Qf1+ (51. Qf3+ $142 Kc2 52. Qxc6+ Kb3 53. Qxb5 Kxa3 54. Qc5 Rb2 55. b5+ Ka2 56. Qd5+ Ka3 57. Qd6+ Ka2 58. Qe6+ Ka3 59. b6) 51... Kc2 52. Qf4 $2 (52. Qf6 $18 Kb3 53. Qxc6) 52... Kc3 $2 {[%mdl 8192]} (52... Kd1 $11 53. Qf3+ Kc2 54. Qxc6+ Kb3 55. Qxb5 Rb2) 53. Qf3+ Kc2 54. Kg3 $2 ({Better is} 54. Qxc6+ $18 Kb3 55. Qxb5) 54... Rxg2+ $2 {[%mdl 8192]} (54... Rd3 $11) 55. Qxg2+ {White mates.} Kb3 56. Qf3+ Ka2 57. Kf4 {Accuracy: White = 77%, Black = 49%.} 1-0

[Event "Stay Safe Play From Home 298"]
[Site "Emanuel Lasker Arena"]
[Date "2020.07.13"]
[Round "4"]
[White "Buzaglo"]
[Black "Bardellosport"]
[Result "0-1"]
[WhiteElo "1843"]
[BlackElo "2032"]
[Annotator "TA"]
[PlyCount "90"]
[EventDate "2020.07.13"]
[EventType "swiss (blitz)"]

{[%evp 9,89,33,49,47,54,45,58,58,70,27,35,35,64,58,71,35,46,-10,0,-24,-26,-20,0,0,0,0,68,56,59,-2363,-1118,-29987,-29988,-29988,-29989,-29987,-29983,-29989,-29988,-29990,-29991,-29991,-29992,-29992,-29992,-29992,-29991,-29992,-29993,-29993,-29994,-29996,-29996,-29997,-29997,-29998,-29997,-29997,-29994,-29995,-29995,-29996,-29995,-29996,-29996,-29996,-29996,-29996,-29997,-29997,-29997,-29997,-29997,-29998,-29997,-29997,-29998,-29998,-29998,-29999,-29999,-29999]} 1. d4 d6 2. Nf3 Bg4 3. g3 Bxf3 4. exf3 Nf6 5. Bg2 g6 6. O-O {A41: 1 d4 d6: Tartakower System and Modern Defence.} Bg7 7. c4 O-O 8. d5 {White is slightly better.} e5 9. Nc3 (9. dxe6 $5 fxe6 10. Re1 $14) 9... Nbd7 {[%cal Bb8d7,Bd7e5,Be5c4][%mdl 32]} 10. f4 {[#]} Qe7 $146 ({Predecessor:} 10... exf4 11. Bxf4 Nh5 12. Be3 Ne5 13. Qb3 f5 14. Ne2 g5 15. f4 Ng4 16. Nd4 gxf4 {½-½ (46) Zilberstein,D (2345)-Hodgson,J (2610) Las Vegas 1997}) 11. Re1 Qd8 12. fxe5 Nxe5 13. Ne4 (13. c5 $14) 13... Nxc4 $11 14. Qb3 (14. Bg5 $5 {[%cal Rd1f3]} Nb6 15. b3 $11) 14... Nxe4 15. Rxe4 Ne5 16. Qxb7 Rb8 17. Qxa7 Rb5 (17... Nd3 $11 18. Be3 Ra8) 18. a4 $14 Rxd5 {Strongly threatening ...Rd1+.} 19. Qxc7 $2 {[%mdl 8192] This move loses the game for White.} (19. Re1 $14 Rd4 20. a5 (20. Qxd4 Nf3+ {[%mdl 64] Discovered Attack} 21. Bxf3 Bxd4 $15)) 19... Qxc7 (19... Rd1+ $142 20. Bf1 Qxc7) 20. b4 Rd1+ {[%mdl 64] Double Attack. Black mates.} 21. Bf1 Nf3+ {[%mdl 64] Discovered Attack} 22. Kg2 Bxa1 23. Be3 Nd4 24. Bxd4 Bxd4 25. b5 {[#]} Qc2 $1 26. Rf4 Qc1 27. Be2 Re1 28. Bf3 Be5 29. Kh3 Bxf4 30. gxf4 Qxf4 31. Bg2 Re2 32. f3 {[#]} Rxg2 $1 33. Kxg2 Qxa4 34. Kf2 Qxb5 35. f4 {[#]} Qf5 $1 36. Kf3 Re8 37. h4 d5 38. h5 gxh5 39. Kf2 d4 40. Kg2 d3 41. Kg3 d2 42. Kf2 d1=Q 43. Kg3 Qdg4+ 44. Kf2 Re2+ 45. Kf1 Qg2# {Accuracy: White = 60%, Black = 62%.} 0-1

[Event "Stay Safe Play From Home 298"]
[Site "Emanuel Lasker Arena"]
[Date "2020.07.13"]
[Round "5"]
[White "Broken sword"]
[Black "Toosieslide"]
[Result "1-0"]
[WhiteElo "2395"]
[BlackElo "2215"]
[Annotator "TA"]
[PlyCount "137"]
[EventDate "2020.07.13"]
[EventType "swiss (blitz)"]

{[%evp 14,136,18,-4,-14,-20,-37,-21,-34,-29,-15,-33,0,-13,0,-29,-31,-24,11,4,22,4,8,4,7,-5,0,-6,0,0,18,18,18,20,22,11,13,6,29,27,46,27,59,31,31,31,31,31,31,31,34,27,27,27,36,36,44,47,72,0,0,0,5,12,12,12,12,12,464,460,644,253,223,8,8,8,8,0,0,0,8,0,0,0,0,-8,29967,29973,29984,-8,29985,29986,29986,29986,29986,29987,29988,29989,29989,29990,29990,29991,29992,29983,29986,29987,29987,29988,29988,29989,29989,29990,29990,29991,29995,29994,29998,29998,29998,29998,29998,29998,29998,29998,29999]} 1. e4 e5 2. Nf3 Nc6 3. Bb5 a6 4. Bxc6 dxc6 5. O-O Bd6 6. d4 exd4 7. Qxd4 f6 8. c4 c5 {C68: Ruy Lopez: Exchange Variation, sidelines.} 9. Qe3 (9. Qd5 {feels hotter.} Ne7 10. Qh5+ Ng6 11. Nh4 O-O 12. Nxg6 hxg6 13. Qxg6 Qe8 14. Qxe8 Rxe8 15. Nc3) 9... Ne7 10. Nc3 O-O {The position is equal.} 11. b3 Ng6 12. Bb2 {[#]} Be6 $146 ({Predecessor:} 12... c6 13. Rad1 Qc7 14. Na4 Re8 15. Rfe1 Ne5 16. Nxe5 Bxe5 17. Bxe5 Rxe5 18. Nxc5 Qe7 {1-0 (25) Cau,B (2092)-Collinet,N (1959) Avoine 2016}) 13. Rad1 Qe7 14. Rfe1 (14. Nd5 $5 {[%cal Rd5e7]} Qf7 15. Ne1 $11) 14... Rad8 15. Nd5 Bxd5 16. exd5 Rfe8 17. Qxe7 Rxe7 18. Rxe7 Nxe7 19. Re1 Kf7 20. g3 Re8 21. Kf1 Ng6 22. Nd2 Rxe1+ 23. Kxe1 $11 {[%mdl 4096] Endgame KBN-KBN} Be5 24. Ba3 b6 25. Ke2 Bd6 26. Ne4 Ne5 27. Bb2 Ke7 28. Bxe5 Bxe5 $14 {KB-KN} 29. f4 Bd6 30. Kf3 f5 31. Nf2 g6 32. h3 Kf7 33. g4 fxg4+ 34. hxg4 Kf6 35. Ne4+ Ke7 36. f5 (36. g5 $16) 36... gxf5 $11 37. gxf5 Be5 38. Kg4 Bf6 39. Kh5 Kf7 40. Kh6 Bg7+ $2 {[%mdl 8192]} (40... Be5 $11) 41. Kxh7 $18 {Ng5+ is the strong threat.} Bf8 42. f6 $2 (42. a4 Be7 43. Kh6) 42... b5 {[#]} 43. a4 $2 (43. a3 $1 $18 bxc4 44. bxc4) 43... bxa4 $11 44. bxa4 a5 $1 45. Kh8 {next Kh7 is good for White.} Bd6 46. Kh7 {aiming for Kh6.} Bf8 47. Nc3 {Hoping for Ne4.} Kxf6 48. Nb5 Bd6 49. Kg8 Ke5 $2 {[%mdl 8192] [#] White leaves nothing to chance now.} (49... Bg3 $11) 50. Kf7 Ke4 51. Ke6 $2 (51. Nxd6+ {mates} cxd6 52. Ke6 Kd3 53. Kxd6 Kxc4 54. Kc6 Kd4 55. d6 Ke5 56. d7) 51... Kd3 $2 {[%mdl 8192]} (51... Bg3 $11) 52. Nxd6 {White mates.} cxd6 53. Kxd6 Kxc4 {KPP-KPP} 54. Kc6 Kb4 55. d6 c4 56. d7 c3 57. d8=Q c2 58. Qb6+ Kc3 59. Qxa5+ Kb2 60. Qc5 Ka1 61. a5 Kb1 62. a6 Kb2 63. a7 Kb1 64. a8=Q Kc1 65. Qa1+ Kd2 66. Qcd4+ Ke2 67. Qc1 {[%csl Gc1][%cal Rd4e3]} Kf3 68. Qcf4+ Ke2 69. Qdd2# {Accuracy: White = 70%, Black = 71%.} 1-0

[Event "Stay Safe Play From Home 298"]
[Site "Emanuel Lasker Arena"]
[Date "2020.07.13"]
[Round "5"]
[White "Mepe_Nika"]
[Black "Haxhi Baha"]
[Result "1-0"]
[WhiteElo "2371"]
[BlackElo "2018"]
[Annotator "TA"]
[PlyCount "105"]
[EventDate "2020.07.13"]
[EventType "swiss (blitz)"]

{[%evp 9,105,14,22,26,27,25,33,34,29,41,52,2,42,53,35,15,4,0,5,0,49,44,50,7,24,3,22,13,22,0,545,0,7,10,4,4,8,0,100,1,15,0,0,-12,0,-29,-29,-29,-30,-41,-36,-38,-21,-36,-19,-26,-21,-604,-77,-77,-13,-270,-264,-272,-263,-291,-277,-437,-393,-944,-947,-894,-854,-1087,-1045,-1038,-1040,-29986,-29986,-29986,-29987,-29987,-29987,-29987,-29988,-29989,-29989,-29989,-29990,-29991,-29992,-29992,-29993,-29993,-29994,-29995,-29996,-29996]} 1. d4 d5 2. Bf4 e6 3. e3 Bd6 4. Bxd6 Qxd6 5. c4 dxc4 {[#]} 6. Bxc4 $146 {D00: 1 d4 d5: Unusual lines.} ({Predecessor:} 6. Nc3 a6 7. Bxc4 b5 8. Bd3 Bb7 9. Be4 Bxe4 10. Nxe4 Qd5 11. Qf3 Nd7 12. Ne2 {1-0 (73) Gonda,L (2448)-Banusz,T (2460) Budapest 2005}) 6... b6 7. Nd2 Bb7 8. Ngf3 {White is slightly better.} Nf6 9. O-O Nbd7 10. Qc2 e5 11. dxe5 Nxe5 12. Nxe5 (12. Bb5+ {is interesting.} c6 13. Be2 O-O 14. Rfd1 Nd5 15. Nc4) 12... Qxe5 13. Qa4+ c6 14. Nf3 Qh5 (14... Qe7 $5 {[%cal Rb6b5]}) 15. Be2 O-O 16. Rad1 c5 17. Qf4 Nd5 18. Qg3 Rad8 19. h3 Nf6 $2 {[%mdl 8192] [#]} (19... Qf5 $11 {and Black has nothing to worry.}) 20. Nd4 $2 ({Only move:} 20. Rxd8 $1 $18 Rxd8 {[#]} 21. Qc7 $1 {[%mdl 576] Double Attack}) 20... Qg6 21. Qxg6 hxg6 22. Nb5 a6 23. Nd6 Bc6 (23... Bd5 $11 {keeps the balance.} 24. e4 Nxe4 25. Rxd5 Rxd6 26. Rxd6 Nxd6) 24. Nc4 ({Better is} 24. Bxa6 $16 Ne4 25. Nxe4 Bxe4 26. f3) 24... b5 $11 25. Ne5 Bd5 26. a3 c4 27. Bf3 Bxf3 28. Nxf3 Ne4 29. Rfe1 Rfe8 30. Kf1 Kf8 31. Ke2 Ke7 32. Rxd8 Rxd8 {[%mdl 4096] Endgame KRN-KRN} 33. Ne5 $2 {[%mdl 8192]} (33. Nd4 $11 Kf6 34. Rb1) 33... Ke6 $2 (33... Rd2+ $19 {and Black stays clearly on top.} 34. Kf1 Rxf2+ 35. Kg1 Rxb2) 34. Nf3 $17 f6 (34... Rd3 $17) 35. Rd1 $2 {[%mdl 8192]} (35. Nd4+ $11 {and White is okay.} Kf7 36. Rc1) 35... Rxd1 $19 36. Kxd1 Nxf2+ {KN-KN} 37. Ke2 Nd3 38. Nd4+ (38. b4 $142) 38... Kd5 39. b3 $2 (39. b4 Nc1+ 40. Kd1) 39... Nc1+ 40. Kd1 Nxb3 41. Nc2 Ke4 42. Ke2 a5 {[%cal Ba6a5,Ba5b4,Bb4b3][%mdl 32]} 43. Nd4 Nxd4+ {Black mates.} 44. exd4 Kxd4 {KP-KP} 45. Kd2 b4 46. axb4 axb4 47. h4 c3+ 48. Kc2 Kc4 49. h5 b3+ 50. Kc1 gxh5 51. g3 Kd3 52. Kd1 c2+ 53. Ke1 {[%mdl 32768] Black used his chance. Accuracy: White = 54%, Black = 77%. . Sensor Board Error (Ke4/e5)?} 1-0

[Event "Stay Safe Play From Home 298"]
[Site "Emanuel Lasker Arena"]
[Date "2020.07.13"]
[Round "5"]
[White "SoulofWolf"]
[Black "AChessPlayer"]
[Result "0-1"]
[WhiteElo "2217"]
[BlackElo "2427"]
[Annotator "TA"]
[PlyCount "60"]
[EventDate "2020.07.13"]
[EventType "swiss (blitz)"]

{[%evp 9,60,30,46,-10,0,-4,-12,-13,-10,-35,-41,-46,-56,-89,-80,-327,-322,-435,-446,-589,-591,-588,-576,-802,-679,-676,-512,-1021,-693,-675,-679,-651,-639,-879,-877,-1973,-1468,-1445,-1270,-1287,-1296,-1253,-1169,-1152,-1079,-1077,-1072,-1057,-1023,-1282,-1259,-2360,-2237]} 1. d4 g6 2. Nf3 Bg7 3. c3 c5 4. Bf4 cxd4 5. cxd4 Qb6 6. b3 {A40: Unusual replies to 1 d4.} ({White should try} 6. Nc3 $14) 6... d6 7. e3 Nc6 {[#]} 8. Nbd2 $146 {The position is equal.} ({Predecessor:} 8. Nc3 Qa5 9. Qd2 Bg4 10. Be2 Nf6 11. a3 Bd7 12. Nb5 Qc7 13. Nc3 O-O 14. O-O {0-1 (32) Da Silva,J (1781)-Rodrigues,N (1859) Fortaleza 2012}) 8... Nf6 9. Nc4 Qd8 10. h3 O-O 11. Be2 b5 12. Na3 $2 (12. Nb2 $17 {keeps fighting.}) 12... Qa5+ $19 {[%mdl 64] [#] Double Attack} 13. Kf1 Qxa3 {Black is clearly winning.} 14. Rc1 Bb7 15. Bxb5 Nb4 16. Ba4 Ba6+ 17. Kg1 Qxa2 18. Ne1 (18. Ra1 $142 Qb2 19. Bg3) 18... Rac8 {And now ...Rxc1 would win.} 19. Ra1 Qb2 {Hoping for ...Ne4.} 20. Rb1 Qc3 21. e4 Nxe4 22. f3 Nd5 {[%cal Bb4d5,Bd5f4,Bf4e2][%mdl 32]} 23. Rc1 Nxf4 24. Rxc3 Nxc3 25. Qd2 {[#]} Bxd4+ $1 26. Kh2 (26. Qxd4 Nce2+) 26... Be5 27. g3 Nfe2 28. f4 Bf6 29. Nf3 Ne4 30. Qxe2 Bxe2 {White got outplayed after the opening. Accuracy: White = 24%, Black = 76%.} 0-1

[Event "Stay Safe Play From Home 298"]
[Site "Emanuel Lasker Arena"]
[Date "2020.07.13"]
[Round "5"]
[White "Sfantul321"]
[Black "Souchov"]
[Result "0-1"]
[WhiteElo "2049"]
[BlackElo "2032"]
[Annotator "NA RC"]
[PlyCount "82"]
[EventDate "2020.07.13"]
[EventType "swiss (blitz)"]

1. c4 {[%emt 0:00:00]} Nf6 {[%emt 0:00:02]} 2. Nc3 {[%emt 0:00:00]} g6 {[%emt 0:00:01]} 3. e4 {[%emt 0:00:01]} Bg7 {[%emt 0:00:00]} 4. d4 {[%emt 0:00:00]} d6 {[%emt 0:00:01]} 5. f4 {[%emt 0:00:00]} O-O {[%emt 0:00:01]} 6. Nf3 {[%emt 0:00:01]} c5 {[%emt 0:00:01]} 7. d5 {[%emt 0:00:01]} e6 {[%emt 0:00:01]} 8. dxe6 {[%emt 0:00:01]} Bxe6 {[%emt 0:00:03]} 9. h3 {[%emt 0:00:00]} Re8 {[%emt 0:00:03]} 10. Bd3 {[%emt 0:00:01]} Nc6 {[%emt 0:00:01]} 11. O-O {[%emt 0:00:01]} a6 {[%emt 0:00:06]} 12. Re1 {[%emt 0:00:01]} Rb8 {[%emt 0:00:01]} 13. b3 {[%emt 0:00:02]} Nd7 {[%emt 0:00:02]} 14. Bb2 {[%emt 0:00:01]} b5 {[%emt 0:00:01]} 15. cxb5 {[%emt 0:00:01]} axb5 {[%emt 0:00:00]} 16. Rb1 {[%emt 0:00:02]} b4 {[%emt 0:00:01]} 17. Nd5 {[%emt 0:00:01]} Bxb2 {[%emt 0:00:01]} 18. Rxb2 {[%emt 0:00:01]} Bxd5 {[%emt 0:00:00]} 19. exd5 {[%emt 0:00:01]} Nf6 {[%emt 0:00:00]} 20. dxc6 {[%emt 0:00:02]} Rxe1+ {[%emt 0:00:02]} 21. Qxe1 {[%emt 0:00:01]} d5 {[%emt 0:00:00]} 22. Qe5 {[%emt 0:00:02]} Rb6 {[%emt 0:00:00]} 23. c7 {[%emt 0:00:01]} Qc8 {[%emt 0:00:03]} 24. f5 {[%emt 0:00:02]} c4 {[%emt 0:00:02]} 25. bxc4 {[%emt 0:00:02]} dxc4 {[%emt 0:00:01]} 26. Bxc4 {[%emt 0:00:01]} Rc6 {[%emt 0:00:00]} 27. Bb5 {[%emt 0:00:07]} Rxc7 {[%emt 0:00:01]} 28. Rxb4 {[%emt 0:00:01]} Rc1+ {[%emt 0:00:01]} 29. Kh2 {[%emt 0:00:01]} Nd7 {[%emt 0:00:04]} 30. Qd6 {[%emt 0:00:03]} Nf8 {[%emt 0:00:03]} 31. f6 {[%emt 0:00:02]} Qc2 {[%emt 0:00:02]} 32. Rc4 {[%emt 0:00:02]} Qb1 {[%emt 0:00:02]} 33. Rc8 {[%emt 0:00:03]} Rxc8 {[%emt 0:00:01]} 34. Ng5 {[%emt 0:00:04]} Rc1 {[%emt 0:00:01]} 35. Nf3 {[%emt 0:00:02]} Rh1+ {[%emt 0:00:01]} 36. Kg3 {[%emt 0:00:01]} Qxb5 {[%emt 0:00:01]} 37. Qe7 {[%emt 0:00:03]} Qb8+ {[%emt 0:00:01]} 38. Kg4 {[%emt 0:00:02]} Rd1 {[%emt 0:00:01]} 39. h4 {[%emt 0:00:02]} h5+ {[%emt 0:00:00]} 40. Kh3 {[%emt 0:00:01]} Rh1+ {[%emt 0:00:00]} 41. Nh2 {[%emt 0:00:01]} Qxh2# {[%emt 0:00:01] (Lag: Av=0.49s, max=0.6s)} 0-1

[Event "Stay Safe Play From Home 298"]
[Site "Emanuel Lasker Arena"]
[Date "2020.07.13"]
[Round "5"]
[White "Lazieri3"]
[Black "Bardellosport"]
[Result "1-0"]
[WhiteElo "2017"]
[BlackElo "2040"]
[Annotator "TA"]
[PlyCount "67"]
[EventDate "2020.07.13"]
[EventType "swiss (blitz)"]

{[%evp 15,66,30,61,55,57,36,48,29,29,27,22,0,25,35,28,8,21,12,10,0,42,25,47,39,67,60,138,55,311,299,373,370,391,388,388,319,330,329,320,285,382,0,756,760,29984,833,807,781,887,863,29998,29999,29999]} 1. e4 d6 2. Nc3 Nf6 3. d4 e5 4. dxe5 dxe5 5. Qxd8+ Kxd8 6. Bc4 Be6 7. Bxe6 fxe6 8. f3 $1 {8.f3 is better than 8.Be3.} c6 9. Be3 {B07: Pirc Defence: Miscellaneous Systems.} Kc7 10. O-O-O Nbd7 {[#]} 11. a3 $146 {White is slightly better.} ({Predecessor:} 11. Nge2 a5 12. a4 Bc5 13. Bxc5 Nxc5 14. Rd2 Rad8 15. Rhd1 g5 16. Rxd8 Rxd8 17. Rxd8 Kxd8 {½-½ (17) Nikolovski,N (2435)-Lazov,T (2414) Skopje 2019}) 11... Bc5 12. Bxc5 Nxc5 13. Nge2 (13. Nh3 {keeps more tension.} b5 14. b3 a5 15. Kb2 Rhd8 16. Ng5) 13... Rhd8 (13... g5 {looks sharper.} 14. Rdf1 Raf8 15. h3 h5 16. Nd1 g4) 14. Rxd8 Rxd8 15. Rd1 Rb8 16. b4 Ncd7 17. Kb2 Nb6 18. Kb3 a6 19. Nc1 Nfd7 20. Nd3 Rc8 (20... Nc8 $14) 21. Na4 (21. a4 $16) 21... Na8 $2 {[%mdl 8192] [#]} ({Better is} 21... Nxa4 $14 22. Kxa4 Ra8) 22. Nac5 $18 Nxc5+ 23. Nxc5 {[%mdl 4096] Endgame KRN-KRN} ({Weaker is} 23. bxc5 Rd8 $18) 23... Nb6 {If only Black now had time for ...Re8....} 24. Nxe6+ Kb8 25. Nxg7 Rg8 26. Ne6 Rxg2 27. Rd8+ Ka7 28. Nc7 $2 ({White should try} 28. a4 $18) 28... Nc8 $2 {[%mdl 8192]} (28... Rg7 $11 29. Ne6 Rf7) 29. Rxc8 Kb6 30. Na8+ (30. c4 $142 c5 31. Nd5+ Ka7 32. bxc5 Rg1 33. Nb6 Rb1+ 34. Ka4 Rxb6 35. cxb6+ Kxb6 36. c5+ Ka7 37. Ka5) 30... Ka7 31. a4 {[%cal Ba3a4,Ba4a5][%mdl 32]} Rxh2 32. a5 {[#] Threatening mate with Nb6.} Rh6 33. Nb6 {[%csl Gb6][%cal Rc8a8]} c5 34. Ra8# {Accuracy: White = 79%, Black = 34%.} 1-0